Normal view
MARC view
- 0590447394
Entry Personal Name
001 - CONTROL NUMBER
- control field: 7433
003 - CONTROL NUMBER IDENTIFIER
- control field: OSt
005 - DATE AND TIME OF LATEST TRANSACTION
- control field: 20200113135204.0
008 - FIXED-LENGTH DATA ELEMENTS
- fixed length control field: 200113|| aca||aabn | a|a d
040 ## - CATALOGING SOURCE
- Original cataloging agency: OSt
- Transcribing agency: OSt
100 ## - HEADING--PERSONAL NAME
- Personal name: 0590447394
670 ## - SOURCE DATA FOUND
- Source citation: Work cat.: (OSt): 0590447394, Animals Should Definitely not wear clothing, 1991